Eastenders quiz Stats

 Plays Quiz not verified by Sporcle

Support Sporcle.
Go Orange.
Score 0/10 Timer 05:00
0 Plays Today
Storyline Answer % Correct
What is maxs brother called?Jack
90.4%
Who is Tiffanys dad?Ricky
89.7%
Who killed Archie?Stacey
88.3%
What is Heathers Baby called?George
83.6%
Who tried to kill Ryan?Janine
71.9%
What is Tanyas new fiance called?Greg
70.5%
What is Ronnie and Roxy's brother called?Danny
57.6%
Who did Carol start seeing when her son died?Connor
57.1%
What happened to Wellard?He died
30.8%
How many kids does Bianca have?3
18.1%

You're not logged in!

Compare scores with friends on all Sporcle quizzes.
OR
Log In

From the Vault

Remove Ads.
Support Sporcle.
Get the best of Sporcle when you Go Orange. This ad-free experience offers more features, more stats, and more fun while also helping to support Sporcle. Thank you for becoming a member.

Show Comments

Extras

Created Mar 15, 2011ReportNominate
Tags:Attender, Storyline

Top Quizzes Today


Score Distribution

Your Account Isn't Verified!

In order to create a playlist on Sporcle, you need to verify the email address you used during registration. Go to your Sporcle Settings to finish the process.

Report this User

Report this user for behavior that violates our Community Guidelines.

Details: